LEADER 01565nam a2200361 a 4500 001 991001997289707536 008 130318s1981 quca b 101 0 eng d 020 $a0919868142 : 035 $ab14104362-39ule_inst 040 $aDip.to Fisica$beng 082 0 $a614.4/8$219 084 $aLC RA762 084 $a53.9.7 245 00$aSterilization of medical products :$nvolume II /$cedited by Eugene R.L. Gaughran and Robert F. Morrissey 260 $aMontréal, Québec :$bMultiscience,$c1981 300 $avi, 346 p. :$bill. ;$c24 cm 500 $a"Proceedings of the Second International Kilmer Memorial Conference on the Sterilization of Medical Products, Washington, D.C., October 16 and 17, 1980, sponsored by Johnson & Johnson"--Verso t.p. 504 $aIncludes bibliographies and index 650 0$aMedical instruments and apparatus$xSterilization$xCongresses 650 0$aMedical supplies$xSterilization$xCongresses 650 0$aMedical supplies, Disposable$xCongresses 650 2$aAntisepsis$xcongresses 650 2$aBiological Agents$xcongresses 650 2$aEquipment and Supplies$xcongresses 650 2$aSterilization$xcongresses 700 1 $aGaughran, E.R.L. 700 1 $aMorrissey, Robert F. 907 $a.b14104362$b02-04-14$c18-03-13 912 $a991001997289707536 945 $aLE006 53.9.7 GAU$cVol. 2$g1$i2006000056311$lle006$op$pE0.00$q-$rl$s- $t0$u0$v0$w0$x0$y.i15491274$z18-03-13 996 $aSterilization of medical products$9264842 997 $aUNISALENTO 998 $ale006$b18-03-13$cm$da $e-$feng$gquc$h0$i0